| 000 | 00422nam a22001577a 4500 | ||
|---|---|---|---|
| 999 |
_c64264 _d64264 |
||
| 005 | 20181106160142.0 | ||
| 010 | _aB-093408 | ||
| 020 |
_a8172762808 _c250.00 |
||
| 035 | _aB-93406, 093406 | ||
| 037 |
_aDPL _bENG |
||
| 100 | _aYardi, M.R. | ||
| 245 |
_aBhagavadgita / _cby M.R. Yardi |
||
| 260 |
_aMumbai _bBharatiya Vidya Bhawan _c2002 |
||
| 300 |
_avii, 347p. _c20 cms. |
||
| 942 |
_2ddc _cEN _h181.45 _mGIT |
||